00457nam a2200169 a 4500008004100000020001500041050001500056100001700071245007100088250001200159260003600171300002100207350000900228650001300237650001900250700001800269160215s2011 ||||||||||||||||| || u a1872748694 aQH 431 Str aRead, Andrew10aHuman molecular genetics. (4th ed.)cby Tom Strachan , Andrew Read a4th ed. aNew YorkbGarland Sciencec2011 axxv, 781p.: ill. a0.00 0aGENETICS aHUMAN GENETICS aStrachan, Tom